000 00290nam a22001337a 4500
008 170914b xxu||||| |||| 00| 0 eng d
020 _a9780072862331
041 _aeng
080 _210TH
_a7
100 _a44
101 _aART
245 _aART FUNDAMENTALS
_cOCVIRK,O.G
942 _2udc
_cBK
999 _c27681
_d27681